[Event "Avoine op 22nd"]
[Site "Avoine"]
[Date "2007.07.22"]
[Round "2"]
[White "Marie, Maxime"]
[Black "Grundman, Norbert"]
[Result "1-0"]
[WhiteElo "2226"]
[BlackElo "1975"]
[PlyCount "165"]
[EventDate "2007.07.21"]
[EventType "swiss"]
[EventRounds "9"]
[EventCountry "FRA"]
[SourceTitle "EXT 2010"]
[Source "ChessBase"]
[SourceDate "2010.11.25"]
[SourceVersion "1"]
[SourceVersionDate "2010.11.25"]
[SourceQuality "1"]

1. e4 c5 2. Nf3 Nc6 3. Nc3 d6 4. d4 cxd4 5. Nxd4 e5 6. Nb3 Nf6 7. Bg5 Be7 8. Qd2 a6 9. Rd1 Be6 10. Be2 0-0 11. Bxf6 gxf6 12. Nd5 f5 13. exf5 Bxf5 14. Nxe7+ Qxe7 15. Qxd6 Qg5 16. 0-0 Bxc2 17. f4 exf4 18. Rd5 Qh4 19. Rxf4 Qe1+ 20. Bf1 Rad8 21. Rg5+ Bg6 22. Qf6 Qe7 23. Qxe7 Nxe7 24. Nc5 Rd2 25. Rb4 h6 26. Rg3 Nf5 27. Rd3 Rxd3 28. Bxd3 Ne3 29. Kf2 Re8 30. Bxg6 fxg6 31. Rxb7 Nd1+ 32. Kg3 Re3+ 33. Kf4 Re2 34. Rb6 Rxg2 35. b4 g5+ 36. Kf5 Kf7 37. Rxa6 Rf2+ 38. Ke5 Rxh2 39. Ne4 g4 40. b5 Ne3 41. a4 Nc4+ 42. Kf4 h5 43. a5 Ra2 44. b6 Rxa5 45. Nd6+ Ke6 46. Nxc4 Rxa6 47. b7 Ra4 48. b8Q Rxc4+ 49. Kg5 Rc5+ 50. Kh4 Rf5 51. Qb3+ Kf6 52. Qe3 Kg6 53. Qe7 Rf6 54. Qe8+ Rf7 55. Qe6+ Rf6 56. Qg8+ Kf5 57. Kxh5 Re6 58. Qxg4+ Ke5 59. Kg5 Kd5 60. Qd1+ Ke4 61. Qe2+ Kd5 62. Qd3+ Ke5 63. Qc4 Kd6 64. Kf5 Re5+ 65. Kf6 Rd5 66. Qb4+ Rc5 67. Qd4+ Kc6 68. Ke6 Kb5 69. Kd6 Rc4 70. Qd3 Kb4 71. Kd5 Rc3 72. Qd2 Kb3 73. Kd4 Rc2 74. Qd1 Kb2 75. Kd3 Rc3+ 76. Kd4 Rc2 77. Qf1 Rc3 78. Qf5 Rc2 79. Qa5 Kb1 80. Kd3 Rb2 81. Qa4 Kc1 82. Qa1+ Rb1 83. Qc3+ 1-0

[Event "Syre Memorial op 30th"]
[Site "Issy les Moulineaux"]
[Date "2007.05.19"]
[Round "5"]
[White "De Marchi, Olivier"]
[Black "Grundman, Norbert"]
[Result "1-0"]
[WhiteElo "2260"]
[BlackElo "1942"]
[PlyCount "45"]
[EventDate "2007.05.17"]
[EventType "swiss"]
[EventRounds "6"]
[EventCountry "FRA"]
[SourceTitle "EXT 2008"]
[Source "ChessBase"]
[SourceDate "2007.11.25"]
[SourceVersion "1"]
[SourceVersionDate "2007.11.25"]
[SourceQuality "1"]

1. d4 Nf6 2. c4 g6 3. Nc3 Bg7 4. e4 d6 5. Be2 0-0 6. Bg5 Nbd7 7. h4 c5 8. d5 Ne5 9. Qd2 h5 10. f3 Kh7 11. Nh3 Ng8 12. g4 Nxf3+ 13. Bxf3 hxg4 14. Nf4 gxf3 15. h5 f2+ 16. Qxf2 Bxc3+ 17. bxc3 Kg7 18. Qh4 Nf6 19. hxg6 Rh8 20. Bh6+ Kg8 21. Qg5 e6 22. gxf7+ Kxf7 23. Qg7+ 1-0